000 00787nam a2200301Ia 4500
001 5591
003 IT-RoPAU
008 130308s9999 xx 000 0 und d
040 _aIT-RoPAU
040 _cIT-RoPAU
041 _aFRANCESE
100 _aVenclova Tomas
100 _gCodice Aut. SPICS: 107
245 _aColloque semiotique de Tartu (Le)
245 _bEssays in Semiotics-Essais de Semiotique
250 _a1a ed.
260 _aPARIS
260 _bMouton
260 _c1971 [1° Ed.:1971 - Ed.Ling.Originale:1971]
300 _a"7 p. (prefazione: no ; testo: 7 [pagine: 574-580])"
500 _aColloquio Semiotico di Tartu
650 _aSEMIOLOGIA
650 _eCodice materia Spics: 3251
942 _cBK
957 _71
999 _c40583
_d40583
999 _bSI
999 _g1